<?xml version="1.0" encoding="UTF-8"?>
<record
    xmlns:xsi="http://www.w3.org/2001/XMLSchema-instance"
    xsi:schemaLocation="http://www.loc.gov/MARC21/slim http://www.loc.gov/standards/marcxml/schema/MARC21slim.xsd"
    xmlns="http://www.loc.gov/MARC21/slim">

  <leader>00632cam a2200205 a 4500</leader>
  <controlfield tag="001">4276762</controlfield>
  <controlfield tag="005">20250315112841.0</controlfield>
  <controlfield tag="008">850315s1985    nyua     b    001 0 eng c</controlfield>
  <datafield tag="020" ind1=" " ind2=" ">
    <subfield code="a">0881670855</subfield>
  </datafield>
  <datafield tag="050" ind1="1" ind2="0">
    <subfield code="a">RM930</subfield>
    <subfield code="b">.M43 1985</subfield>
  </datafield>
  <datafield tag="082" ind1="0" ind2="0">
    <subfield code="a">617</subfield>
    <subfield code="2">19</subfield>
  </datafield>
  <datafield tag="245" ind1="0" ind2="0">
    <subfield code="a">Medical rehabilitation /</subfield>
    <subfield code="c">editors, Lauro S. Halstead, Martin Grabois ; consulting editor, Carol A. Howland.</subfield>
  </datafield>
  <datafield tag="260" ind1=" " ind2=" ">
    <subfield code="a">New York :</subfield>
    <subfield code="b">Raven Press,</subfield>
    <subfield code="c">c1985.</subfield>
  </datafield>
  <datafield tag="300" ind1=" " ind2=" ">
    <subfield code="a">xi, 354 p. :</subfield>
    <subfield code="b">ill. ;</subfield>
    <subfield code="c">26 cm.</subfield>
  </datafield>
  <datafield tag="650" ind1=" " ind2="0">
    <subfield code="a">Medical rehabilitation.</subfield>
  </datafield>
  <datafield tag="650" ind1=" " ind2="2">
    <subfield code="a">Rehabilitation.</subfield>
  </datafield>
  <datafield tag="700" ind1="1" ind2=" ">
    <subfield code="a">Halstead, Lauro S.,</subfield>
    <subfield code="d">1936-</subfield>
  </datafield>
  <datafield tag="700" ind1="1" ind2=" ">
    <subfield code="a">Grabois, Martin.</subfield>
  </datafield>
  <datafield tag="942" ind1=" " ind2=" ">
    <subfield code="2">lcc</subfield>
    <subfield code="c">BK</subfield>
    <subfield code="n">0</subfield>
  </datafield>
  <datafield tag="999" ind1=" " ind2=" ">
    <subfield code="c">4866</subfield>
    <subfield code="d">4866</subfield>
  </datafield>
  <datafield tag="952" ind1=" " ind2=" ">
    <subfield code="0">0</subfield>
    <subfield code="1">0</subfield>
    <subfield code="2">lcc</subfield>
    <subfield code="4">0</subfield>
    <subfield code="7">0</subfield>
    <subfield code="8">NFIC</subfield>
    <subfield code="a">MSL</subfield>
    <subfield code="b">MSL</subfield>
    <subfield code="c">GEN</subfield>
    <subfield code="d">2025-03-15</subfield>
    <subfield code="l">0</subfield>
    <subfield code="o">RM930 .M43 MED</subfield>
    <subfield code="p">SLM00004334</subfield>
    <subfield code="r">2025-03-15 11:29:44</subfield>
    <subfield code="t">1</subfield>
    <subfield code="w">2025-03-15</subfield>
    <subfield code="y">BK</subfield>
  </datafield>
  <datafield tag="952" ind1=" " ind2=" ">
    <subfield code="0">0</subfield>
    <subfield code="1">0</subfield>
    <subfield code="2">lcc</subfield>
    <subfield code="4">0</subfield>
    <subfield code="7">0</subfield>
    <subfield code="8">NFIC</subfield>
    <subfield code="a">MSL</subfield>
    <subfield code="b">MSL</subfield>
    <subfield code="c">GEN</subfield>
    <subfield code="d">2025-03-15</subfield>
    <subfield code="l">0</subfield>
    <subfield code="o">RM930 .M43 MED</subfield>
    <subfield code="p">SLM00004335</subfield>
    <subfield code="r">2025-03-15 11:29:44</subfield>
    <subfield code="t">2</subfield>
    <subfield code="w">2025-03-15</subfield>
    <subfield code="y">BK</subfield>
  </datafield>
  <datafield tag="952" ind1=" " ind2=" ">
    <subfield code="0">0</subfield>
    <subfield code="1">0</subfield>
    <subfield code="2">lcc</subfield>
    <subfield code="4">0</subfield>
    <subfield code="7">0</subfield>
    <subfield code="8">NFIC</subfield>
    <subfield code="a">MSL</subfield>
    <subfield code="b">MSL</subfield>
    <subfield code="c">GEN</subfield>
    <subfield code="d">2025-03-15</subfield>
    <subfield code="l">0</subfield>
    <subfield code="o">RM930 .M43 MED</subfield>
    <subfield code="p">SLM00004336</subfield>
    <subfield code="r">2025-03-15 11:29:44</subfield>
    <subfield code="t">3</subfield>
    <subfield code="w">2025-03-15</subfield>
    <subfield code="y">BK</subfield>
  </datafield>
  <datafield tag="952" ind1=" " ind2=" ">
    <subfield code="0">0</subfield>
    <subfield code="1">0</subfield>
    <subfield code="2">lcc</subfield>
    <subfield code="4">0</subfield>
    <subfield code="7">0</subfield>
    <subfield code="8">NFIC</subfield>
    <subfield code="a">MSL</subfield>
    <subfield code="b">MSL</subfield>
    <subfield code="c">GEN</subfield>
    <subfield code="d">2025-03-15</subfield>
    <subfield code="l">0</subfield>
    <subfield code="o">RM930 .M43 MED</subfield>
    <subfield code="p">SLM00004337</subfield>
    <subfield code="r">2025-03-15 11:29:44</subfield>
    <subfield code="t">4</subfield>
    <subfield code="w">2025-03-15</subfield>
    <subfield code="y">BK</subfield>
  </datafield>
  <datafield tag="952" ind1=" " ind2=" ">
    <subfield code="0">0</subfield>
    <subfield code="1">0</subfield>
    <subfield code="2">lcc</subfield>
    <subfield code="4">0</subfield>
    <subfield code="7">0</subfield>
    <subfield code="8">NFIC</subfield>
    <subfield code="a">MSL</subfield>
    <subfield code="b">MSL</subfield>
    <subfield code="c">GEN</subfield>
    <subfield code="d">2025-03-15</subfield>
    <subfield code="l">0</subfield>
    <subfield code="o">RM930 .M43 MED</subfield>
    <subfield code="p">SLM00004338</subfield>
    <subfield code="r">2025-03-15 11:29:44</subfield>
    <subfield code="t">5</subfield>
    <subfield code="w">2025-03-15</subfield>
    <subfield code="y">BK</subfield>
  </datafield>
  <datafield tag="952" ind1=" " ind2=" ">
    <subfield code="0">0</subfield>
    <subfield code="1">0</subfield>
    <subfield code="2">lcc</subfield>
    <subfield code="4">0</subfield>
    <subfield code="7">0</subfield>
    <subfield code="8">NFIC</subfield>
    <subfield code="a">MSL</subfield>
    <subfield code="b">MSL</subfield>
    <subfield code="c">GEN</subfield>
    <subfield code="d">2025-03-15</subfield>
    <subfield code="l">0</subfield>
    <subfield code="o">RM930 .M43 MED</subfield>
    <subfield code="p">SLM00004339</subfield>
    <subfield code="r">2025-03-15 11:29:44</subfield>
    <subfield code="t">6</subfield>
    <subfield code="w">2025-03-15</subfield>
    <subfield code="y">BK</subfield>
  </datafield>
  <datafield tag="952" ind1=" " ind2=" ">
    <subfield code="0">0</subfield>
    <subfield code="1">0</subfield>
    <subfield code="2">lcc</subfield>
    <subfield code="4">0</subfield>
    <subfield code="7">0</subfield>
    <subfield code="8">NFIC</subfield>
    <subfield code="a">MSL</subfield>
    <subfield code="b">MSL</subfield>
    <subfield code="c">GEN</subfield>
    <subfield code="d">2025-03-15</subfield>
    <subfield code="l">0</subfield>
    <subfield code="o">RM930 .M43 MED</subfield>
    <subfield code="p">SLM00004340</subfield>
    <subfield code="r">2025-03-15 11:29:44</subfield>
    <subfield code="t">7</subfield>
    <subfield code="w">2025-03-15</subfield>
    <subfield code="y">BK</subfield>
  </datafield>
</record>
